[Event "SLO-ch (Women)"]
[Site "Maribor"]
[Date "1998.??.??"]
[Round "8"]
[White "Riznar, Helena"]
[Black "Vospernik, Mira"]
[Result "1-0"]
[WhiteElo "2100"]
[BlackElo "2105"]
[PlyCount "119"]
[EventDate "1998.??.??"]
[EventType "tourn"]
[EventRounds "9"]
[EventCountry "SLO"]
[SourceTitle "EXT 1999"]
[Source "ChessBase"]
[SourceDate "1998.11.16"]
[SourceVersion "1"]
[SourceVersionDate "1998.11.16"]
[SourceQuality "1"]

1. e4 e5 2. Nf3 Nc6 3. Bb5 a6 4. Ba4 Nf6 5. 0-0 b5 6. Bb3 Be7 7. Re1 d6 8. h3 0-0 9. c3 Na5 10. Bc2 c5 11. d4 Qc7 12. d5 Bd7 13. Nbd2 Rfe8 14. Nf1 Bf8 15. Ng3 g6 16. Nh2 Bg7 17. f4 exf4 18. Bxf4 Nc4 19. Rb1 Ne5 20. Nf3 Nc4 21. Qc1 Bc8 22. b3 Ne5 23. Nxe5 dxe5 24. Be3 Nd7 25. Qd2 Qd6 26. Rf1 f6 27. Bd1 Ra7 28. Qf2 Rc7 29. Bf3 Rf8 30. Rbd1 a5 31. Be2 Ba6 32. Bg4 Bc8 33. Be6+ Kh8 34. Qe2 c4 35. bxc4 Rxc4 36. Qd2 Nc5 37. Bxc8 Rxc8 38. Qb2 Nxe4 39. Nxe4 Rxe4 40. Bf2 b4 41. cxb4 Rxb4 42. Qa3 Qd8 43. d6 f5 44. Rd5 Bf8 45. Rfd1 Rbb8 46. Qxa5 Qxa5 47. Rxa5 Rd8 48. d7 Be7 49. Rxe5 Bf6 50. Re6 Kg7 51. Bb6 Kf7 52. Bxd8 Rxd8 53. Red6 Ke7 54. a4 Be5 55. R6d5 Bc7 56. a5 Ra8 57. a6 Bd8 58. Re1+ Kf7 59. Rd6 Bc7 60. Rc6 1-0